Les joueurs de tennis par prénom - Statistiques

Statistiques générales
  • Ce quiz a été pris 152 fois
  • Le résultat moyen est 21 sur 40
Statistiques - réponses
Prénoms Joueurs % Correct
Arthur Cazaux / Fils / Rinderknech
95%
Hugo Dellien / Gaston / Grenier
86%
David Ferrer / Goffin / Nalbandian
82%
Matteo Arnaldi / Berrettini / Gigante
78%
Sebastian Baez / Korda / Ofner
78%
Luca Castagnola / Nardi / Van Assche
76%
Nicolas Mahut / Massu / Tepmahc
76%
Lucas Bouquet / Catarina / Pouille
75%
Benjamin Becker / Bonzi / Ginefri
73%
Lorenzo Giustino / Musetti / Sonego
71%
Adrian Bodmer / Mannarino / Oetzbach
70%
Daniel Altmaier / Evans / Galan
70%
Nicolas Almagro / Jarry / Kicker
70%
Jack Anthrop / Draper / Sock
68%
Denis Klok / Kudla / Shapovalov
67%
Pablo Carreño-Busta / Cuevas / Llamas Ruiz
61%
Jiri Barnat / Lehecka / Vesely
56%
Joao Domingues / Fonseca / Sousa
56%
Thiago Monteiro / Santos / Seyboth Wild
56%
Pedro Cachin / Martinez / Sousa
51%
Robin Almeida / Haase / Söderling
51%
Gabriel Decamps / Debru / Diallo
48%
Brandon Holt / Nakashima / Walkin
46%
James Blake / Duckworth / McCabe
44%
Alex Bolt / Corretja / Molcan
42%
Jakub Mensik / Nicod / Paul
42%
Patrick Kypson / McEnroe / Rafter
42%
Valentin Royer / Sanson / Vacherot
42%
Guido Andreozzi / Monaco / Pella
35%
Max Houkes / Purcell / Wiskandt
33%
Petr Bar Biryukov / Korda / Nouza
31%
Viktor Durasovic / Jovic / Troicki
30%
Lukas Lacko / Pokorny / Rosol
28%
Andrea Collarini / Pellegrino / Vavassori
21%
Arthur Bouquier / Fery / Weber
21%
Facundo Diaz Acosta / Juarez / Mena
21%
Peter Betran / Fajta / Gojowczyk
19%
Ryan Harrison / Peniston / Seggerman
19%
Florian Broksa / Lakat / Mayer
13%
Daniel Dutra da Silva / Little / Paty
6%
Aucun quiz correspondant
Distribution des résultats
% des personnes avec chaque résultat
Percentile par nombre de réponses
Votre historique - résultats
Vous n’avez pas pris ce quiz